00429nam a2200205Ia 4500003000900000005001700009008004100026040001300067040001300080041000800093100001900101245002500120250001200145260001400157260000900171300001100180300001200191490001400203490000600217IT-RoPAU20220918175824.0120407s9999 xx 000 0 und d aIT-RoPAU cIT-RoPAU aita aIgnazio Silone aUna manciata di more aMilano  aMondadori c1975 a293 p. c18,5 cm aGli Oscar v1